000 00530nam a2200205 a 4500
999 _c7234
_d7234
001 7234
003 BD-JhCC
005 20180212111344.0
008 180206s1969 uk |||| |||| 000 0 eng d
035 _a(BD-JhCC)
040 _aBD-JhCC
_dBD-JhCC
041 _aeng
082 _a027.626
_bBAR 1969
100 _aBarnes, Melvyn P
245 _aYouth library work /
_cMelvyn P Barnes
260 _aLondon:
_bArchon Books & Civil Bingley Ltd;
_c1969
300 _a98 p;,
_c22 cm
650 _aYoung adults libraries
942 _2ddc
_cBK